000 00517nam a22001817a 4500
999 _c7452
_d7452
003 AR-CdUCM
008 190320b ||||| |||| 00| 0 spa d
040 _aMUNICIPALIDAD PROVINCIAL DEL CUSCO
_cBIBLIOTECA MUNICIPAL DEL CUSCO
082 _a838.9 /
_bF45
100 _aFeuchtwanger, Lion
_91194
245 _aEl judío de Roma /
260 _aBuenos Aires :
_bFuturo,
_c1945.
300 _a364 páginas ;
_c23 cm.
650 _aLiteratura alemana
_993
650 _aSiglo XX
_98
942 _2ddc
_cLIBROS
945 _aafb